[Event "RUS-chT Men Rapid 2019"]
[Site "Sochi"]
[Date "2019.10.19"]
[Round "6.3"]
[White "Savchenko, Boris"]
[Black "Vastrukhin, Oleg"]
[Result "1-0"]
[WhiteElo "2581"]
[BlackElo "2428"]
[Annotator "ChessBase"]
[PlyCount "149"]
[EventDate "2019.10.18"]
[EventType "swiss"]
[EventCountry "RUS"]
[SourceTitle "playchess.com"]
[Source "ChessBase"]
[SourceQuality "1"]
[TimeControl "900+10"]

1. e4 {[%emt 0:03:07]} e6 {[%emt 0:00:00]} 2. d4 {[%emt 0:00:02]} d5 {[%emt 0:00:00]} 3. Nc3 {[%emt 0:00:01]} Bb4 {[%emt 0:00:00]} 4. e5 {[%emt 0:00:02]} c5 {[%emt 0:00:00]} 5. a3 {[%emt 0:00:01]} Bxc3+ {[%emt 0:00:00]} 6. bxc3 {[%emt 0:00:01]} Nc6 {[%emt 0:00:00]} 7. Qg4 {[%emt 0:00:02]} g6 {[%emt 0:00:00]} 8. Nf3 {[%emt 0:00:01]} Qa5 {[%emt 0:00:07]} 9. Bd2 {[%emt 0:00:02]} c4 {[%emt 0:00:01]} 10. Be2 {[%emt 0:00:01]} Bd7 {[%emt 0:00:02]} 11. O-O {[%emt 0:00:07]} O-O-O {[%emt 0:00:40]} 12. Rfb1 {[%emt 0:00:28]} f5 {[%emt 0:00:16]} 13. exf6 {[%emt 0:01:26]} Nxf6 {[%emt 0:00:02]} 14. Qf4 {[%emt 0:00:13]} Rdf8 {[%emt 0:02:05]} 15. Be1 {[%emt 0:02:33]} Ne4 {[%emt 0:00:19]} 16. Qe3 {[%emt 0:00:04]} Qa4 {[%emt 0:01:57]} 17. Ra2 {[%emt 0:00:12]} Rf5 {[%emt 0:00:27]} 18. Ne5 {[%emt 0:00:39]} Nxe5 {[%emt 0:02:47]} 19. dxe5 {[%emt 0:00:03]} Qa5 {[%emt 0:00:17]} 20. a4 {[%emt 0:01:54]} Rhf8 {[%emt 0:02:35]} 21. Bg4 {[%emt 0:03:22]} Rf4 {[%emt 0:01:07]} 22. f3 {[%emt 0:00:11]} Qc5 {[%emt 0:01:26]} 23. Qxc5+ {[%emt 0:00:43]} Nxc5 {[%emt 0:00:02]} 24. Bd2 {[%emt 0:01:14]} Rxg4 {[%emt 0:02:29]} 25. fxg4 {[%emt 0:00:02]} Ne4 {[%emt 0:00:01]} 26. Rd1 {[%emt 0:00:47]} a5 {[%emt 0:00:19]} 27. Be1 {[%emt 0:01:34]} Kc7 {[%emt 0:00:16]} 28. Ra3 {[%emt 0:00:10]} g5 {[%emt 0:00:29]} 29. Bd2 {[%emt 0:00:23]} h6 {[%emt 0:00:02]} 30. Be3 {[%emt 0:00:01]} b6 {[%emt 0:01:31]} 31. Rf1 {[%emt 0:00:16]} Rxf1+ {[%emt 0:00:29]} 32. Kxf1 {[%emt 0:00:02]} Kb7 {[%emt 0:00:14]} 33. Ke1 {[%emt 0:00:26]} Ka6 {[%emt 0:00:05]} 34. Bd4 {[%emt 0:00:03]} Be8 {[%emt 0:00:07]} 35. Ra1 {[%emt 0:00:04]} Bc6 {[%emt 0:00:23]} 36. Ke2 {[%emt 0:00:03]} Bd7 {[%emt 0:00:08]} 37. Ke3 {[%emt 0:00:02]} Bc6 {[%emt 0:00:03]} 38. g3 {[%emt 0:00:40]} Be8 {[%emt 0:00:09]} 39. Rb1 {[%emt 0:00:06]} b5 {[%emt 0:00:17]} 40. axb5+ {[%emt 0:00:17]} Bxb5 {[%emt 0:00:01]} 41. Ra1 {[%emt 0:00:01]} a4 {[%emt 0:00:03]} 42. Ke2 {[%emt 0:00:02]} Be8 {[%emt 0:00:10]} 43. Kd1 {[%emt 0:00:01]} Kb7 {[%emt 0:00:28]} 44. Rb1+ {[%emt 0:00:06]} Kc7 {[%emt 0:00:01]} 45. Kc1 {[%emt 0:00:04]} Bg6 {[%emt 0:00:23]} 46. Rb5 {[%emt 0:00:06]} Be8 {[%emt 0:00:11]} 47. Ra5 {[%emt 0:00:03]} Bd7 {[%emt 0:00:02]} 48. Ra7+ {[%emt 0:00:08]} Kd8 {[%emt 0:00:05]} 49. Bb6+ {[%emt 0:00:20]} Ke8 {[%emt 0:00:02]} 50. Ra8+ {[%emt 0:00:02]} Kf7 {[%emt 0:00:10]} 51. Bd4 {[%emt 0:00:25]} Ke7 {[%emt 0:00:21]} 52. Rh8 {[%emt 0:00:04]} a3 {[%emt 0:00:20]} 53. Ra8 {[%emt 0:00:03]} Be8 {[%emt 0:00:08]} 54. Rxa3 {[%emt 0:00:03]} h5 {[%emt 0:00:11]} 55. Ra7+ {[%emt 0:00:54]} Kf8 {[%emt 0:00:01]} 56. gxh5 {[%emt 0:00:03]} Bxh5 {[%emt 0:00:01]} 57. Be3 {[%emt 0:00:13]} Bf3 {[%emt 0:00:13]} 58. Kb2 {[%emt 0:00:03]} g4 {[%emt 0:00:07]} 59. Bd4 {[%emt 0:00:06]} Bd1 {[%emt 0:00:05]} 60. Ra1 {[%emt 0:00:07]} Bf3 {[%emt 0:00:07]} 61. Ka3 {[%emt 0:00:20]} Ng5 {[%emt 0:00:18]} 62. Be3 {[%emt 0:00:05]} Nf7 {[%emt 0:00:22]} 63. Bf4 {[%emt 0:00:01]} Nd8 {[%emt 0:00:04]} 64. Kb4 {[%emt 0:00:02]} Kg7 {[%emt 0:00:13]} 65. Kc5 {[%emt 0:00:03]} Nf7 {[%emt 0:00:01]} 66. Ra6 {[%emt 0:00:05]} d4 {[%emt 0:00:10]} 67. Kxd4 {[%emt 0:00:23]} Bd5 {[%emt 0:00:01]} 68. Ra5 {[%emt 0:00:07]} Nd8 {[%emt 0:00:18]} 69. Rxd5 {[%emt 0:00:02]} exd5 {[%emt 0:00:01]} 70. Kxd5 Kf7 71. Kxc4 {[%emt 0:00:04]} Ke6 {[%emt 0:00:01]} 72. Kb5 {[%emt 0:00:01]} Kd5 {[%emt 0:00:08]} 73. c4+ {[%emt 0:00:01]} Kd4 {[%emt 0:00:01]} 74. c5 {[%emt 0:00:01]} Kd5 {[%emt 0:00:01]} 75. c4+ {[%emt 0:00:03]} 1-0

[Event "RUS-chT Men Rapid 2019"]
[Site "Sochi"]
[Date "2019.10.19"]
[Round "6.4"]
[White "Utnasunov, Alexander"]
[Black "Popov, Ivan"]
[Result "0-1"]
[WhiteElo "2442"]
[BlackElo "2611"]
[Annotator "ChessBase"]
[PlyCount "62"]
[EventDate "2019.10.18"]
[EventType "swiss"]
[EventCountry "RUS"]
[SourceTitle "playchess.com"]
[Source "ChessBase"]
[SourceQuality "1"]
[TimeControl "900+10"]

1. d4 {[%emt 0:00:00]} d5 {[%emt 0:00:00]} 2. c4 {[%emt 0:00:00]} dxc4 {[%emt 0:00:00]} 3. e3 {[%emt 0:00:00]} Nf6 {[%emt 0:00:02]} 4. Nf3 {[%emt 0:00:07]} c5 {[%emt 0:00:15]} 5. Bxc4 {[%emt 0:00:05]} cxd4 {[%emt 0:00:01]} 6. exd4 {[%emt 0:00:06]} g6 {[%emt 0:00:02]} 7. Ne5 {[%emt 0:00:38]} e6 {[%emt 0:00:02]} 8. Nc3 {[%emt 0:00:19]} Bg7 {[%emt 0:00:02]} 9. O-O {[%emt 0:00:31]} O-O {[%emt 0:00:03]} 10. Re1 {[%emt 0:00:56]} Nc6 {[%emt 0:00:19]} 11. Be3 {[%emt 0:01:20]} Bd7 {[%emt 0:01:52]} 12. a3 {[%emt 0:01:02]} Rc8 {[%emt 0:00:49]} 13. Ba2 {[%emt 0:00:14]} Ne7 {[%emt 0:00:09]} 14. Qf3 {[%emt 0:03:19]} Bc6 {[%emt 0:06:17]} 15. Nxc6 {[%emt 0:00:22]} bxc6 {[%emt 0:00:19]} 16. Bg5 {[%emt 0:01:46]} Ned5 {[%emt 0:01:23]} 17. Ne4 {[%emt 0:02:13]} h6 {[%emt 0:00:03]} 18. Bh4 {[%emt 0:02:28]} g5 {[%emt 0:00:12]} 19. Bxd5 {[%emt 0:01:01]} Nxd5 {[%emt 0:01:52]} 20. Bg3 {[%emt 0:00:03]} f5 {[%emt 0:00:02]} 21. Nd6 {[%emt 0:00:18]} f4 {[%emt 0:00:07]} 22. Nxc8 {[%emt 0:00:02]} fxg3 {[%emt 0:00:56]} 23. Qxg3 {[%emt 0:00:01]} Bxd4 {[%emt 0:01:11]} 24. Rf1 {[%emt 0:00:23]} Qxc8 {[%emt 0:00:07]} 25. Rae1 {[%emt 0:00:03]} e5 {[%emt 0:00:11]} 26. b4 {[%emt 0:00:05]} Qf5 {[%emt 0:00:12]} 27. b5 {[%emt 0:00:31]} cxb5 {[%emt 0:01:06]} 28. Qb3 {[%emt 0:00:02]} Qd7 {[%emt 0:00:05]} 29. g3 {[%emt 0:00:13]} Kg7 {[%emt 0:00:04]} 30. Re4 {[%emt 0:00:15]} Nc3 {[%emt 0:00:15]} 31. Ree1 {[%emt 0:00:01]} Qf5 {[%emt 0:00:15]} 0-1

[Event "RUS-chT Men Rapid 2019"]
[Site "Sochi"]
[Date "2019.10.19"]
[Round "6.5"]
[White "Ponkratov, Pavel"]
[Black "Pridorozhni, Aleksei"]
[Result "1/2-1/2"]
[WhiteElo "2621"]
[BlackElo "2599"]
[Annotator "ChessBase"]
[PlyCount "180"]
[EventDate "2019.10.18"]
[EventType "swiss"]
[EventCountry "RUS"]
[SourceTitle "playchess.com"]
[Source "ChessBase"]
[SourceQuality "1"]
[TimeControl "900+10"]

1. e4 {[%emt 0:00:00]} e5 {[%emt 0:00:00]} 2. Nf3 {[%emt 0:00:00]} Nf6 {[%emt 0:00:00]} 3. d4 {[%emt 0:00:15]} Nxe4 {[%emt 0:00:00]} 4. dxe5 {[%emt 0:00:01]} d5 {[%emt 0:00:00]} 5. Nbd2 {[%emt 0:00:05]} Nxd2 {[%emt 0:00:13]} 6. Bxd2 {[%emt 0:00:35]} Be7 {[%emt 0:00:06]} 7. Bd3 {[%emt 0:00:19]} c5 {[%emt 0:00:02]} 8. c3 {[%emt 0:00:28]} Nc6 {[%emt 0:00:02]} 9. Qe2 {[%emt 0:00:02]} Be6 {[%emt 0:01:41]} 10. h3 {[%emt 0:01:02]} O-O {[%emt 0:01:12]} 11. h4 {[%emt 0:01:13]} Qd7 {[%emt 0:00:41]} 12. Ng5 {[%emt 0:02:17]} Bf5 {[%emt 0:00:03]} 13. g4 {[%emt 0:03:44]} Bxd3 {[%emt 0:00:35]} 14. Qxd3 {[%emt 0:00:02]} g6 {[%emt 0:00:01]} 15. Qg3 {[%emt 0:00:10]} f6 {[%emt 0:05:27]} 16. exf6 {[%emt 0:00:14]} Bxf6 {[%emt 0:00:02]} 17. O-O-O {[%emt 0:00:04]} Ne5 {[%emt 0:00:03]} 18. Bf4 {[%emt 0:02:15]} Rae8 {[%emt 0:00:02]} 19. Ne4 {[%emt 0:00:59]} Nxg4 {[%emt 0:00:46]} 20. f3 {[%emt 0:00:01]} Bg7 {[%emt 0:00:14]} 21. Bd6 {[%emt 0:01:48]} Ne3 {[%emt 0:00:42]} 22. Bxf8 {[%emt 0:00:58]} Rxf8 {[%emt 0:00:02]} 23. Rd3 {[%emt 0:00:11]} d4 {[%emt 0:00:03]} 24. cxd4 {[%emt 0:00:11]} cxd4 {[%emt 0:00:04]} 25. Kb1 {[%emt 0:00:05]} Qf5 {[%emt 0:01:07]} 26. h5 {[%emt 0:00:18]} Qxf3 {[%emt 0:00:35]} 27. Qxf3 {[%emt 0:00:03]} Rxf3 {[%emt 0:00:01]} 28. hxg6 {[%emt 0:00:01]} hxg6 {[%emt 0:00:02]} 29. Rc1 {[%emt 0:00:21]} Rf4 {[%emt 0:00:15]} 30. Ng5 {[%emt 0:00:13]} b6 {[%emt 0:02:17]} 31. a3 {[%emt 0:00:26]} Rf8 {[%emt 0:02:00]} 32. Ne6 {[%emt 0:00:06]} Re8 {[%emt 0:00:01]} 33. Nxg7 {[%emt 0:00:02]} Kxg7 {[%emt 0:00:02]} 34. Rxd4 {[%emt 0:00:01]} Re7 {[%emt 0:00:29]} 35. Rg1 {[%emt 0:00:01]} Nf5 {[%emt 0:00:04]} 36. Rdg4 {[%emt 0:00:07]} Re6 {[%emt 0:00:02]} 37. Ka2 {[%emt 0:00:01]} a5 {[%emt 0:00:03]} 38. Kb3 {[%emt 0:00:28]} Nd6 {[%emt 0:00:33]} 39. Rd4 {[%emt 0:00:11]} Rf6 {[%emt 0:00:09]} 40. Rd5 {[%emt 0:00:11]} Nf7 {[%emt 0:00:07]} 41. Ka4 {[%emt 0:00:09]} Nd6 {[%emt 0:00:04]} 42. Rg4 {[%emt 0:00:11]} Kf7 {[%emt 0:00:06]} 43. Kb3 {[%emt 0:00:22]} Ke6 {[%emt 0:00:05]} 44. Rdg5 {[%emt 0:00:03]} Kf7 {[%emt 0:00:04]} 45. Re5 {[%emt 0:00:11]} Rf3+ {[%emt 0:00:07]} 46. Ka2 {[%emt 0:00:01]} Rf6 {[%emt 0:00:04]} 47. Re3 {[%emt 0:00:09]} Nf5 {[%emt 0:00:21]} 48. Rc3 {[%emt 0:00:10]} Kg7 {[%emt 0:00:01]} 49. Kb3 {[%emt 0:00:26]} Rd6 {[%emt 0:01:15]} 50. Ka2 {[%emt 0:01:35]} Kf6 {[%emt 0:00:04]} 51. Rc8 {[%emt 0:00:08]} Nh6 {[%emt 0:00:34]} 52. Rgc4 {[%emt 0:00:03]} g5 {[%emt 0:00:10]} 53. R4c6 {[%emt 0:00:26]} Nf5 {[%emt 0:00:23]} 54. Rf8+ {[%emt 0:00:06]} Ke6 {[%emt 0:00:02]} 55. Rcc8 {[%emt 0:00:07]} Ke5 {[%emt 0:00:41]} 56. Rc1 {[%emt 0:00:07]} Ne3 {[%emt 0:00:13]} 57. Re1 {[%emt 0:00:11]} Rd3 {[%emt 0:00:02]} 58. Rb8 {[%emt 0:00:11]} g4 {[%emt 0:00:08]} 59. Rxb6 {[%emt 0:00:01]} g3 {[%emt 0:00:01]} 60. Rb5+ {[%emt 0:00:29]} Kf4 {[%emt 0:00:02]} 61. Rxa5 {[%emt 0:00:05]} g2 {[%emt 0:00:06]} 62. Ra8 {[%emt 0:00:10]} Kg3 {[%emt 0:00:14]} 63. Rg8+ {[%emt 0:00:08]} Kf2 {[%emt 0:00:02]} 64. Rc1 {[%emt 0:00:03]} Rd4 {[%emt 0:00:07]} 65. Rf8+ {[%emt 0:00:16]} Kg3 {[%emt 0:00:13]} 66. Re1 {[%emt 0:00:08]} Ng4 {[%emt 0:00:09]} 67. b4 {[%emt 0:00:18]} Rd5 {[%emt 0:00:17]} 68. Kb3 {[%emt 0:00:05]} Rh5 {[%emt 0:00:01]} 69. Rg1 {[%emt 0:00:23]} Rh1 {[%emt 0:00:02]} 70. Rff1 {[%emt 0:00:10]} Rh3 {[%emt 0:00:12]} 71. Rc1 {[%emt 0:00:05]} Kf2+ {[%emt 0:00:06]} 72. Ka4 {[%emt 0:00:03]} Ne3 {[%emt 0:00:02]} 73. b5 {[%emt 0:00:15]} Rh4+ {[%emt 0:00:07]} 74. Kb3 {[%emt 0:00:04]} Nf1 {[%emt 0:00:05]} 75. Rxg2+ {[%emt 0:00:02]} Kxg2 {[%emt 0:00:01]} 76. Rc2+ {[%emt 0:00:08]} Kf3 {[%emt 0:00:03]} 77. a4 {[%emt 0:00:01]} Ne3 {[%emt 0:00:22]} 78. Rc5 {[%emt 0:00:03]} Rh1 {[%emt 0:00:08]} 79. Kb4 {[%emt 0:00:07]} Ke4 {[%emt 0:00:15]} 80. Rc8 {[%emt 0:00:25]} Kd4 {[%emt 0:00:25]} 81. Rd8+ {[%emt 0:00:15]} Nd5+ {[%emt 0:00:02]} 82. Ka5 {[%emt 0:00:01]} Kc5 {[%emt 0:00:09]} 83. Rc8+ {[%emt 0:00:06]} Kd6 {[%emt 0:00:01]} 84. Ka6 {[%emt 0:00:17]} Ra1 {[%emt 0:00:13]} 85. Rc4 {[%emt 0:00:01]} Nc7+ {[%emt 0:00:30]} 86. Kb6 {[%emt 0:00:06]} Nd5+ {[%emt 0:00:08]} 87. Kb7 {[%emt 0:00:01]} Rb1 {[%emt 0:00:02]} 88. Rc6+ {[%emt 0:00:17]} Kd7 {[%emt 0:00:02]} 89. b6 {[%emt 0:00:33]} Nxb6 {[%emt 0:00:23]} 90. Rxb6 {[%emt 0:00:03]} Rxb6+ {[%emt 0:00:02]} 1/2-1/2

[Event "RUS-chT Men Rapid 2019"]
[Site "Sochi"]
[Date "2019.10.19"]
[Round "6.6"]
[White "Potapov, Pavel"]
[Black "Lysyj, Igor"]
[Result "0-1"]
[WhiteElo "2489"]
[BlackElo "2596"]
[Annotator "TA"]
[PlyCount "116"]
[EventDate "2019.10.18"]
[EventType "swiss"]
[EventCountry "RUS"]
[SourceTitle "playchess.com"]
[Source "ChessBase"]
[SourceQuality "1"]

{[%evp 12,116,0,0,0,0,14,0,0,-23,13,2,36,12,27,0,2,0,0,0,0,0,0,0,0,18,0,0,0,0,0,0,6,0,0,-28,-25,-54,-52,-51,-55,-49,-57,-77,-76,-90,-85,-92,-86,-74,-50,-75,-67,-175,-175,-175,-164,-175,-175,-175,-79,-175,0,-151,0,-175,-175,-175,-175,-175,-175,-175,-140,-359,-364,-317,-314,-363,-360,-309,-175,-577,-536,-576,-565,-553,-475,-568,-544,-541,-533,-1358,-1211,-1328,-1183,-1238,-1170,-6095,-5625,-29984,-29985,-29985,-29986,-29986,-29987,-29987,-29988]} 1. e4 e5 2. Nf3 Nc6 3. Bb5 Nf6 4. O-O Nxe4 5. d4 Nd6 6. dxe5 Nxb5 7. a4 Nbd4 {C67: Ruy Lopez: Berlin Defence: 4 0-0 Nxe4} 8. Nxd4 d6 9. Nxc6 bxc6 {The position is equal.} 10. Bf4 $146 ({Predecessor:} 10. exd6 cxd6 11. Re1+ {½-½ (11) Zvjaginsev,V (2644)-Motylev,A (2651) Moscow 2019}) 10... Be6 11. Nc3 Be7 12. Qf3 d5 13. Qg3 g5 14. Bd2 h5 15. Ne2 h4 16. Qd3 h3 17. g3 c5 $1 18. f4 c4 $36 {[%mdl 2048] Black has good play.} 19. Qf3 g4 20. Qf2 {Black must now prevent f5.} Bf5 21. Nd4 Qd7 22. Rfe1 Be4 23. f5 Bc5 24. e6 fxe6 25. fxe6 Qe7 $1 26. Be3 Rf8 27. Qd2 Bxd4 $1 28. Qxd4 Qxe6 29. Rad1 O-O-O 30. Qxa7 Qc6 {aiming for ...d4.} 31. Qd4 Rde8 (31... Qxa4 32. Ra1 $11) 32. Bf4 (32. Qc5 $15 Qxa4 33. Bf4 Rxf4 34. gxf4) 32... Bxc2 $19 (32... Qxa4 33. Qc5 $15) 33. Rc1 {Black should prevent Rxe8+.} Rxe1+ ({Weaker is} 33... Qxa4 34. Rxe8+ (34. Qxd5 $2 Qa7+ 35. Kh1 Rxe1+ 36. Rxe1 Rd8 $19) 34... Rxe8 35. Qc5 $1 $11 {[%mdl 512]}) 34. Rxe1 Be4 35. a5 Kb7 (35... Re8 $19 36. Bd2 Re6) 36. Be3 (36. b3 $17) 36... Kc8 37. Bf4 Kb7 38. Be3 $1 {[#]} Ra8 $1 39. Ra1 Qb5 40. Bd2 Ra6 41. Rf1 Qb3 42. Qc5 $2 (42. Bf4 $17) 42... Rc6 ({Less strong is} 42... Qxb2 43. Rf7 $19) 43. Qd4 Qd3 44. Be3 {Threatening mate with Qa7+.} Qxd4 45. Bxd4 {[%mdl 4096] Endgame KRB-KRB} Ka6 (45... Bf3 $142 46. Re1 Ra6) 46. Bc3 $2 (46. Rf6 {was the crucial defense.} Rxf6 47. Bxf6) 46... Bf3 47. Re1 Rd6 48. Bb4 Rd7 49. Re6+ Kb5 50. Bd2 d4 51. Kf2 Ka4 52. a6 Kb3 53. a7 Kxb2 54. Re8 c3 55. Bf4 d3 {Black mates.} 56. Rb8+ Kc2 57. a8=Q Bxa8 58. Rxa8 d2 {Accuracy: White = 35%, Black = 70%.} 0-1

[Event "RUS-chT Men Rapid 2019"]
[Site "Sochi"]
[Date "2019.10.19"]
[Round "6.7"]
[White "Gutenev, Alexander"]
[Black "Belyakov, Bogdan"]
[Result "1/2-1/2"]
[WhiteElo "2469"]
[BlackElo "2495"]
[Annotator "ChessBase"]
[PlyCount "127"]
[EventDate "2019.10.18"]
[EventType "swiss"]
[EventCountry "RUS"]
[SourceTitle "playchess.com"]
[Source "ChessBase"]
[SourceQuality "1"]
[TimeControl "900+10"]

1. e4 {[%emt 0:00:00]} e5 {[%emt 0:00:00]} 2. Nf3 {[%emt 0:00:00]} Nc6 {[%emt 0:00:00]} 3. Bb5 {[%emt 0:00:00]} f5 {[%emt 0:00:00]} 4. Nc3 {[%emt 0:00:02]} fxe4 {[%emt 0:00:00]} 5. Nxe4 {[%emt 0:00:02]} d5 {[%emt 0:00:00]} 6. Nxe5 {[%emt 0:00:19]} dxe4 {[%emt 0:00:00]} 7. Nxc6 {[%emt 0:00:18]} Qd5 {[%emt 0:00:00]} 8. c4 {[%emt 0:01:01]} Qd6 {[%emt 0:00:02]} 9. Nxa7+ {[%emt 0:03:48]} Bd7 {[%emt 0:00:02]} 10. Qh5+ {[%emt 0:00:55]} g6 {[%emt 0:00:03]} 11. Bxd7+ {[%emt 0:00:04]} Qxd7 {[%emt 0:00:03]} 12. Qe5+ {[%emt 0:00:17]} Kf7 {[%emt 0:00:01]} 13. Nb5 {[%emt 0:00:54]} c6 {[%emt 0:00:04]} 14. Qd4 {[%emt 0:02:00]} Nf6 {[%emt 0:00:02]} 15. Qxd7+ {[%emt 0:00:52]} Nxd7 {[%emt 0:00:02]} 16. Nc3 {[%emt 0:00:10]} Nc5 {[%emt 0:00:03]} 17. d4 {[%emt 0:02:36]} exd3 {[%emt 0:03:30]} 18. Be3 {[%emt 0:00:19]} Na4 {[%emt 0:02:07]} 19. Nxa4 {[%emt 0:02:07]} Rxa4 {[%emt 0:00:03]} 20. O-O-O {[%emt 0:00:29]} Bg7 {[%emt 0:01:44]} 21. Rxd3 {[%emt 0:00:59]} Rxa2 {[%emt 0:00:10]} 22. Rhd1 {[%emt 0:00:06]} Ra1+ {[%emt 0:03:45]} 23. Kc2 {[%emt 0:00:01]} Rxd1 {[%emt 0:00:01]} 24. Rxd1 {[%emt 0:00:04]} Ke6 {[%emt 0:00:05]} 25. Re1 {[%emt 0:00:35]} Kd7 {[%emt 0:01:11]} 26. Bg5 {[%emt 0:00:25]} Kd6 {[%emt 0:02:48]} 27. Be7+ {[%emt 0:00:16]} Kd7 {[%emt 0:00:02]} 28. Bc5 {[%emt 0:00:01]} Bf6 {[%emt 0:00:03]} 29. Rd1+ {[%emt 0:00:10]} Kc7 {[%emt 0:00:03]} 30. Bd6+ {[%emt 0:00:06]} Kc8 {[%emt 0:00:05]} 31. Bf4 {[%emt 0:00:27]} Re8 {[%emt 0:00:04]} 32. Be3 {[%emt 0:00:08]} Re5 {[%emt 0:00:17]} 33. Ra1 {[%emt 0:00:23]} Bg5 {[%emt 0:00:54]} 34. Ra8+ {[%emt 0:00:05]} Kc7 {[%emt 0:00:24]} 35. Bxg5 {[%emt 0:00:04]} Rxg5 {[%emt 0:00:01]} 36. g3 {[%emt 0:00:00]} Rf5 {[%emt 0:00:54]} 37. f4 {[%emt 0:00:01]} g5 {[%emt 0:00:01]} 38. fxg5 {[%emt 0:00:33]} Rf2+ {[%emt 0:00:01]} 39. Kb3 {[%emt 0:00:11]} Rxh2 {[%emt 0:00:01]} 40. Rh8 {[%emt 0:00:09]} Rh3 {[%emt 0:00:54]} 41. Kb4 {[%emt 0:00:06]} Kb6 {[%emt 0:00:11]} 42. g6 {[%emt 0:00:14]} Rxg3 {[%emt 0:00:02]} 43. gxh7 {[%emt 0:00:03]} Rh3 {[%emt 0:00:04]} 44. b3 {[%emt 0:00:08]} Rh5 {[%emt 0:00:36]} 45. c5+ {[%emt 0:00:24]} Ka7 {[%emt 0:00:03]} 46. Kc4 {[%emt 0:00:06]} Rh4+ {[%emt 0:00:03]} 47. Kd3 {[%emt 0:00:02]} Rh3+ {[%emt 0:00:03]} 48. Ke4 {[%emt 0:00:02]} Rh1 {[%emt 0:00:04]} 49. Ke5 {[%emt 0:00:05]} Rh2 {[%emt 0:00:08]} 50. Kd6 {[%emt 0:00:03]} Rh1 {[%emt 0:00:03]} 51. Kc7 {[%emt 0:00:02]} Rh2 {[%emt 0:00:07]} 52. Kc8 {[%emt 0:00:19]} Rh1 {[%emt 0:00:05]} 53. b4 {[%emt 0:00:24]} Rh4 {[%emt 0:00:06]} 54. Kc7 {[%emt 0:00:10]} Rh1 {[%emt 0:00:02]} 55. Kd6 {[%emt 0:00:26]} Rh2 {[%emt 0:00:03]} 56. Ke5 {[%emt 0:00:06]} Rh1 {[%emt 0:00:03]} 57. Kd4 {[%emt 0:00:01]} Rh4+ {[%emt 0:00:21]} 58. Kc3 {[%emt 0:00:02]} Rh1 {[%emt 0:00:04]} 59. Kb3 {[%emt 0:00:02]} Rh2 {[%emt 0:00:10]} 60. b5 {[%emt 0:00:32]} cxb5 {[%emt 0:00:18]} 61. Kb4 {[%emt 0:00:01]} Rh1 {[%emt 0:00:02]} 62. Kxb5 {[%emt 0:00:05]} Rh2 {[%emt 0:00:03]} 63. Kb4 {[%emt 0:00:07]} Rh1 {[%emt 0:00:03]} 64. Kb5 {[%emt 0:00:07]} 1/2-1/2

[Event "RUS-chT Men Rapid 2019"]
[Site "Sochi"]
[Date "2019.10.19"]
[Round "6.8"]
[White "Savitskiy, Sergey"]
[Black "Radzhabov, Rodion"]
[Result "1-0"]
[WhiteElo "2407"]
[BlackElo "2404"]
[Annotator "NA"]
[PlyCount "147"]
[EventDate "2019.10.18"]
[EventType "swiss"]
[EventCountry "RUS"]
[SourceTitle "playchess.com"]
[Source "ChessBase"]
[SourceQuality "1"]
[TimeControl "900+10"]

1. e4 {[%emt 0:00:00]} c5 {[%emt 0:00:00]} 2. Nf3 {[%emt 0:00:00]} e6 {[%emt 0:00:00]} 3. d4 {[%emt 0:00:00]} cxd4 {[%emt 0:00:00]} 4. Nxd4 {[%emt 0:00:00]} Nc6 {[%emt 0:00:31]} 5. Nc3 {[%emt 0:00:06]} Qc7 {[%emt 0:00:02]} 6. f4 {[%emt 0:00:25]} a6 {[%emt 0:00:03]} 7. Nb3 {[%emt 0:00:01]} b5 {[%emt 0:00:28]} 8. Bd3 {[%emt 0:00:01]} Bb7 {[%emt 0:00:13]} 9. O-O {[%emt 0:02:55]} Nf6 {[%emt 0:02:24]} 10. e5 {[%emt 0:01:15]} b4 {[%emt 0:00:23]} 11. Ne4 {[%emt 0:00:11]} Nxe4 {[%emt 0:00:26]} 12. Bxe4 {[%emt 0:00:02]} d5 {[%emt 0:00:58]} 13. Bd3 {[%emt 0:02:57]} g6 {[%emt 0:04:27]} 14. Be3 {[%emt 0:00:10]} Na5 {[%emt 0:01:11]} 15. Nxa5 {[%emt 0:04:23]} Qxa5 {[%emt 0:00:01]} 16. Qe1 {[%emt 0:00:01]} Bc5 {[%emt 0:02:47]} 17. a3 {[%emt 0:00:11]} Qb6 {[%emt 0:01:11]} 18. Bxc5 {[%emt 0:00:26]} Qxc5+ {[%emt 0:00:01]} 19. Qf2 {[%emt 0:00:01]} d4 {[%emt 0:01:07]} 20. axb4 {[%emt 0:00:22]} Qxb4 {[%emt 0:00:01]} 21. b3 {[%emt 0:00:04]} Qb6 {[%emt 0:01:08]} 22. Ra4 {[%emt 0:00:19]} Rd8 {[%emt 0:00:02]} 23. Rfa1 {[%emt 0:00:05]} O-O {[%emt 0:00:13]} 24. Bxa6 {[%emt 0:00:37]} Bc6 {[%emt 0:00:03]} 25. R4a2 {[%emt 0:00:04]} Qb4 {[%emt 0:01:14]} 26. Bd3 {[%emt 0:00:14]} Rd7 {[%emt 0:00:09]} 27. h4 {[%emt 0:00:14]} f6 {[%emt 0:00:15]} 28. Ra6 {[%emt 0:01:51]} Bd5 {[%emt 0:00:01]} 29. R6a4 {[%emt 0:02:22]} Qe7 {[%emt 0:00:11]} 30. exf6 {[%emt 0:00:11]} Qxf6 {[%emt 0:00:03]} 31. Rf1 {[%emt 0:00:13]} Bc6 {[%emt 0:00:18]} 32. Ra6 {[%emt 0:00:05]} Bd5 {[%emt 0:00:07]} 33. Qg3 {[%emt 0:00:05]} Kh8 {[%emt 0:00:05]} 34. Qg5 {[%emt 0:00:11]} Qg7 {[%emt 0:00:18]} 35. Qe5 {[%emt 0:00:22]} Kg8 {[%emt 0:00:17]} 36. Qxg7+ {[%emt 0:00:04]} Kxg7 {[%emt 0:00:01]} 37. g3 {[%emt 0:00:10]} Rc8 {[%emt 0:00:05]} 38. Ra4 {[%emt 0:00:12]} Bb7 {[%emt 0:00:20]} 39. Re1 {[%emt 0:00:03]} Rd6 {[%emt 0:00:04]} 40. Ra7 {[%emt 0:00:13]} Rc7 {[%emt 0:00:19]} 41. Re5 {[%emt 0:00:15]} Kf6 {[%emt 0:00:07]} 42. h5 {[%emt 0:00:04]} Rdd7 {[%emt 0:00:11]} 43. hxg6 {[%emt 0:00:08]} hxg6 {[%emt 0:00:01]} 44. Rg5 {[%emt 0:00:17]} Rg7 {[%emt 0:00:01]} 45. Kf2 {[%emt 0:00:06]} Rce7 {[%emt 0:00:20]} 46. Ke1 {[%emt 0:00:11]} Rg8 {[%emt 0:00:21]} 47. Kd2 {[%emt 0:00:06]} Reg7 {[%emt 0:00:01]} 48. Kc1 {[%emt 0:00:14]} Bg2 {[%emt 0:00:09]} 49. Rxg7 {[%emt 0:00:08]} Rxg7 {[%emt 0:00:00]} 50. Kb2 {[%emt 0:00:03]} Bc6 {[%emt 0:00:17]} 51. b4 {[%emt 0:00:05]} Be8 {[%emt 0:00:00]} 52. Kb3 {[%emt 0:00:26]} Rc7 {[%emt 0:00:24]} 53. b5 {[%emt 0:00:16]} Rc8 {[%emt 0:00:17]} 54. Kb4 {[%emt 0:00:05]} Rb8 {[%emt 0:00:06]} 55. Rc5 {[%emt 0:00:10]} Ke7 {[%emt 0:00:05]} 56. Kc4 {[%emt 0:00:20]} Rd8 {[%emt 0:00:16]} 57. Be4 {[%emt 0:00:14]} Rb8 {[%emt 0:00:01]} 58. Bc6 {[%emt 0:00:10]} Bf7 {[%emt 0:00:23]} 59. Kxd4 {[%emt 0:00:05]} Kd6 {[%emt 0:00:01]} 60. Rc3 {[%emt 0:00:08]} Kc7 {[%emt 0:00:07]} 61. Kc5 {[%emt 0:00:05]} g5 {[%emt 0:00:14]} 62. Rd3 {[%emt 0:00:11]} Be8 {[%emt 0:00:08]} 63. Bxe8 {[%emt 0:00:05]} Rxe8 {[%emt 0:00:01]} 64. b6+ {[%emt 0:00:07]} Kb7 {[%emt 0:00:01]} 65. Rd7+ {[%emt 0:00:01]} Kb8 {[%emt 0:00:00]} 66. Kb5 {[%emt 0:00:08]} gxf4 {[%emt 0:00:04]} 67. gxf4 {[%emt 0:00:01]} Rf8 {[%emt 0:00:07]} 68. c4 {[%emt 0:00:04]} Rxf4 {[%emt 0:00:06]} 69. c5 {[%emt 0:00:01]} Rf5 {[%emt 0:00:03]} 70. Re7 {[%emt 0:00:21]} Re5 {[%emt 0:00:17]} 71. Ka6 {[%emt 0:00:16]} Rxc5 {[%emt 0:00:12]} 72. Re8+ {[%emt 0:00:02]} Rc8 {[%emt 0:00:01]} 73. Rxc8+ {[%emt 0:00:01]} Kxc8 {[%emt 0:00:01]} 74. Ka7 {[%emt 0:00:01]} 1-0